LEADER 00939nam a2200241 i 4500 001 000000063551 003 CaOOAMICUS 005 20160823000000.0 008 160823s1842 it u000 u ita u 013 $a34723 040 $aSeMil$bita 100 1 $aSclopis, Federigo,$d<1798-1878>.$0(OLS)http://semarc/name/15284 245 10$aDella autorità giudiciaria /$cdi Federigo Sclopis. 260 $aTorino :$bFontana,$c1842. 300 $a180 p. ;$c18 cm. 490 0 $aOpere scelte di scrittori italiani del secolo 19 ;$v5 830 0$aOpere scelte di scrittori italiani del secolo 19 ;$v5.$0(OLS)http://semarc/title/43203 850 $aSeMil 852 $aSeMil$W1$xVenegono$y1$m3L II 64 FA$j29704$B29704$CSeMilBibl$Z2$F29707 $8I 941 1 $a10 961 $aRecupero: Mantegazza 996 $6245$aDella autorità giudiciaria$9(OLS)http://semarc/title/100430 996 $6260$aTorino :$bFontana$9(OLS)http://semarc/publisher/30764 LEADER 00863nam a2200205 i 4500 001 000000211393 003 CaOOAMICUS 005 20120229000000.0 008 120229s1834 it u000 u ita u 013 $a190206 040 $aSeMil$bita 100 1 $aSalfi, Francesco Saverio,$d<1759-1832>.$0(OLS)http://semarc/name/11816 245 10$aVol. 2. 300 $a324 p. 490 0 $aBiblioteca scelta di opere italiane antiche e moderne ;$v329 773 0 $aSalfi, Francesco Saverio <1759-1832>$tManuale della storia della letteratura italiana.$dMilano : Per Giovanni Silvestri, 1834.$g2$w()26376 830 0$aBiblioteca scelta di opere italiane antiche e moderne ;$v329.$0(OLS)http://semarc/title/34027 850 $aSeMil 852 $aSeMil$W1$xVenegono$y1$m1S I 63 FA$j161833$B161833$CSeMilBibl$Z2$F173163 $8I 996 $6245$aVol. 2$9(OLS)http://semarc/title/13458